000 00597cam a22002291 4500
001 sa 68009916
003 DLC
005 20260227112548.0
008 900207s1968 ii 000 0 hino
010 _asa 68009916
035 _a(OCoLC)21016330
040 _aDLC
_cWaU
_dDLC
042 _apremarc
043 _aa-ii---
050 0 0 _aPK2040.3
_b.M3
100 0 _aMahendra Kumar,
_d1935-
245 1 0 _aRītikālīna ritikaviyoṃ kā kāvya-śilpa.
260 _c[1968]
300 _a16, 616 p.
_c22 cm.
500 _aIn Hindi.
650 0 _aHindi poetry
_y1500-1800
_xHistory and criticism.
999 _c83242
_d83242